[Event "New Delhi Parsvnath op 6th"]
[Site "New Delhi"]
[Date "2008.01.15"]
[Round "5"]
[White "Kiran, Manisha Mohanty"]
[Black "Gagan, Chitkara"]
[Result "1/2-1/2"]
[WhiteElo "2261"]
[BlackElo "2065"]
[PlyCount "72"]
[EventDate "2008.01.13"]
[EventType "swiss"]
[EventRounds "10"]
[EventCountry "IND"]
[SourceTitle "CBM 122 Extra"]
[Source "ChessBase"]
[SourceDate "2008.03.04"]
[SourceVersion "1"]
[SourceVersionDate "2008.03.04"]
[SourceQuality "1"]

1. e4 c5 2. Nf3 g6 3. d4 cxd4 4. Nxd4 Nc6 5. Nc3 Bg7 6. Be3 Nf6 7. Nxc6 bxc6 8. e5 Ng8 9. f4 Nh6 10. Qf3 0-0 11. Bc4 Qc7 12. 0-0-0 d6 13. exd6 exd6 14. h3 Nf5 15. Bf2 d5 16. Bb3 a5 17. Na4 Nd6 18. g4 Re8 19. Bb6 Qe7 20. Bc5 Qe4 21. Qg3 Qe6 22. f5 Be5 23. fxe6 Bxg3 24. exf7+ Nxf7 25. Nb6 Rb8 26. Nxc8 Rexc8 27. c4 Be5 28. Ba3 a4 29. Bxa4 dxc4 30. Rhf1 Bg7 31. Kc2 Ne5 32. b3 Nd3 33. bxc4 Nb2 34. Bxb2 Rxb2+ 35. Kc1 Rxa2 36. Bb3 Rb2 1/2-1/2